The Characters of Fire Emblem: Path of Radiance by Picture - Statistics

General Stats
  • This quiz has been taken 37 times
  • The average score is 41 of 46
Answer Stats
Picture Answer % Correct
Ike
100%
Mist
100%
Soren
100%
Nephenee
97%
Ranulf
97%
Titania
97%
Volke
97%
Brom
94%
Ilyana
94%
Jill Fizzart
94%
Mia
94%
Mordecai
94%
Rolf
94%
Sothe
94%
Zihark
94%
Astrid
91%
Boyd
91%
Elincia
91%
Lethe
91%
Marcia
91%
Oscar
91%
Reyson
91%
Rhys
91%
Devdan
89%
Ena
89%
Geoffrey
89%
Haar
89%
Lucia
89%
Naesala
89%
Shinon
89%
Stefan
89%
Tibarn
89%
Bastian
86%
Makalov
86%
Tanith
86%
Tauroneo
86%
Tormod
86%
Calill
83%
Gatrie
83%
Kieran
83%
Muarim
83%
Nasir
83%
Ulki
83%
Janaff
80%
Giffca
77%
Largo
77%
No matching quizzes found
Score Distribution
Percent of People with Each Score
Percentile by Number Answered
Your Score History
You have not taken this quiz